000 01093nam a2200301 i 4500
003 EG-GICUC
005 20260511163053.0
008 260511s1974 fr ||||fr|||| 00| 0 fre d
040 _aEG-GiCUC
_bfre
_cEG-GiCUC
_dEG-GiCUC
_eRda
082 0 4 _221
_a345.044
_bLA . E
092 0 4 _221
099 _aLaw1 07 345.044 LA . E 1974
100 1 _aLavialle, Christian
_eAuteur
245 1 3 _aL'évolution De La Conception De La Décision Exécutoire ٦٢٠ en Droit Administratif Français /
_b
_cChristian Lavialle ; Paul Couzinet.
_n
264 1 _aParis :
_bLibrairie Generale De Droit Et De Jurisprudence,
_c1974.
300 _a345page :
_billustration ;
_c 24 cm.
336 _2rda contenu
_a texte
337 _2rda medias
_aOrdinateur
338 _2 transporteur rda
_a Ressource en ligne
504 _aBibliography: pages 200-250. 240-220
546 _aTexte en français
650 1 4 _aDroit administratif
_2
651 1 _2
700 1 _aCouzinet, Paul
_ePréfacier
856 4 0 _uhttps://fll.law.cu.edu.eg/fulltext/bks/B07-06274.pdf
905 _a50
942 _2ddc
_cBK
_e21
_n0
999 _c76609
_d76609